| 000 | 00441nam a2200193Ia 4500 | ||
|---|---|---|---|
| 008 | 210210b1928 xxu||||| |||| 00| 0 eng d | ||
| 041 | _aeng | ||
| 082 | _a828/317 | ||
| 100 | _aJOAD (C E M) | ||
| 245 | _aGreat philosophers of the world | ||
| 260 |
_aLondon _bErnest Benn Limited _c1928 |
||
| 650 | _aworld | ||
| 650 | _athe | ||
| 650 | _aphilosophers | ||
| 650 | _aof | ||
| 650 | _aGreat | ||
| 690 | _aBiography | ||
| 906 | _a016162 | ||
| 999 |
_c135572 _d135572 |
||